000 00634nam a2200253 a 4500
003 AR-BaBNM
005 20251128203250.0
008 082120s2002 ||||||||||||||000 | spa||
040 _cAR-BaBNM
100 1 _aVerón, Víctor D.
245 0 0 _aLos pájaros sagrados
_bnovela
260 _aEldorado
_bMinga-Guazú
_c1992
300 _a318 p.
650 4 _aLITERATURA ARGENTINA
650 4 _aNOVELAS
650 4 _aLITERATURA FOLKLORICA
650 4 _aCOSTUMBRES Y TRADICIONES
650 4 _aLEYENDAS
653 _aLITERATURA COMPROMETIDA
653 _aNOVELA SOCIAL
655 _aLITERATURA
942 _cBK
998 _cMARTIN
999 _c2624
_d2624